[Event "Weekend Vitinia"]
[Site "Roma ITA"]
[Date "1997.11.??"]
[Round "6"]
[White "Scagliarini, Bruno"]
[Black "Simeoni, Matteo"]
[Result "1-0"]
[WhiteElo "1974"]
[BlackElo "1830"]
[PlyCount "90"]
[EventDate "1997.11.??"]

1. c4 f5 2. g3 e6 3. Bg2 Nf6 4. Nc3 Be7 5. Nf3 O-O 6. O-O Qe8 7. Re1 d6 8. e4
fxe4 9. Nxe4 Nxe4 10. Rxe4 Qg6 11. d4 Nc6 12. Qe2 Bf6 13. Bf4 Bd7 14. Bh3 Kh8
15. d5 exd5 16. cxd5 Bxh3 17. dxc6 bxc6 18. Nd4 Rab8 19. Nb3 Bxb2 20. Re1 Bc3
21. Rc1 d5 22. Re7 Rxf4 23. Rxc3 Rbf8 24. f3 Rc4 25. Rxc4 dxc4 26. Qxc4 Rxf3
27. Nd2 Rxg3+ 28. Kf2 Rg2+ 29. Ke1 Rg1+ 30. Ke2 Qg2+ 31. Kd3 Bf5+ 32. Kc3 Rc1+
33. Kb3 h5 34. Qxc1 Qxh2 35. Qc3 Qg2 36. Re5 Qg6 37. Qe3 Bg4 38. Kb2 Bd7 39.
Qg5 Qxg5 40. Rxg5 Bg4 41. Ne4 Kh7 42. Rc5 Kh6 43. Kc3 h4 44. Kd2 g6 45. Ke3 Be6
1-0

[Event "Weekend Vitinia"]
[Site "Roma ITA"]
[Date "1997.11.??"]
[Round "6"]
[White "Spano' Cuomo, Gaetano"]
[Black "Lavieri, Doriano"]
[Result "1/2-1/2"]
[WhiteElo "1641"]
[BlackElo "1855"]
[PlyCount "93"]
[EventDate "1997.11.??"]

1. d4 d5 2. Nf3 Nf6 3. Bf4 g6 4. e3 Bg7 5. Nbd2 O-O 6. Bd3 Nbd7 7. h3 Re8 8. c3
c6 9. g4 Nf8 10. Qc2 N6d7 11. O-O-O c5 12. Kb1 a6 13. h4 c4 14. Be2 b5 15. h5
b4 16. hxg6 fxg6 17. Bh6 Qb6 18. Nxc4 dxc4 19. Bxc4+ e6 20. Ng5 Nf6 21. f3 a5
22. e4 Bd7 23. Ka1 Rac8 24. Bd3 a4 25. Qh2 bxc3 26. bxc3 Qa5 27. Rc1 Rxc3 28.
e5 Rxd3 29. Bxg7 Qb4 30. Bxf8 Qxd4+ 31. Qb2 Qxb2+ 32. Kxb2 Nxg4 33. fxg4 Rxf8
34. Rc2 a3+ 35. Kc1 Ba4 36. Rc4 Bb5 37. Rc7 h5 38. Nh7 Rf2 39. gxh5 Rxa2 40.
Nf6+ Kf8 41. hxg6 Bd7 42. Rxd7 Rxd7 43. Nxd7+ Kg7 44. Kb1 Rd2 45. Rh7+ Kxg6 46.
Nf8+ Kf5 47. Rh5+ 1/2-1/2

[Event "Weekend Vitinia"]
[Site "Roma ITA"]
[Date "1997.11.??"]
[Round "6"]
[White "Sternini, Cristiano"]
[Black "Quimi, Marco"]
[Result "0-1"]
[WhiteElo "1582"]
[BlackElo "2240"]
[PlyCount "68"]
[EventDate "1997.11.??"]

1. e4 c5 2. Nf3 d6 3. d4 cxd4 4. Nxd4 Nf6 5. Nc3 g6 6. Be2 Bg7 7. O-O O-O 8.
Be3 Nc6 9. f4 Bd7 10. h3 Rc8 11. Kh1 a6 12. a4 h6 13. Qd2 e5 14. Nb3 Nb4 15.
Rac1 Rxc3 16. Qxc3 Na2 17. Qc4 b5 18. Qd3 bxa4 19. Nd2 Nxc1 20. Rxc1 Bb5 21. c4
Bc6 22. Bf3 Re8 23. Ra1 exf4 24. Bxf4 Nh5 25. Bxh5 gxh5 26. Qg3 Re6 27. Ra2 Rg6
28. Qe3 Qe7 29. b3 axb3 30. Qxb3 Bxe4 31. Nxe4 Qxe4 32. Be3 Rg3 33. Qb8+ Kh7
34. Bg1 Rxh3+ 0-1

[Event "Weekend Vitinia"]
[Site "Roma ITA"]
[Date "1997.11.??"]
[Round "6"]
[White "Vannelli, Vittorio"]
[Black "Casella, Carlo"]
[Result "1-0"]
[WhiteElo "1636"]
[BlackElo "1588"]
[PlyCount "51"]
[EventDate "1997.11.??"]

1. e4 c6 2. d4 d5 3. Nc3 dxe4 4. Nxe4 Bf5 5. Ng3 Bg6 6. Nf3 h6 7. Ne5 Bh7 8.
Bc4 e6 9. Qe2 Nf6 10. Nxf7 Qe7 11. Nxh8 Kd7 12. Bd3 Bxd3 13. Qxd3 Na6 14. Ng6
Qd6 15. O-O Nc7 16. Bf4 Qb4 17. c3 Qb6 18. Rfe1 Re8 19. Qe2 Nfd5 20. Bxc7 Nxc7
21. c4 Qa5 22. a3 Bd6 23. b4 Qg5 24. Ne5+ Kc8 25. Nf7 Qe7 26. Ne4 1-0

[Event "Weekend Vitinia"]
[Site "Roma ITA"]
[Date "1997.11.??"]
[Round "6"]
[White "Vanzan, Alessandro"]
[Black "Cenni, Franco"]
[Result "0-1"]
[WhiteElo "1528"]
[BlackElo "1663"]
[PlyCount "138"]
[EventDate "1997.11.??"]

1. c4 c5 2. Nc3 Nc6 3. Nf3 g6 4. e3 Bg7 5. g3 e5 6. Bg2 Nge7 7. a3 O-O 8. O-O
d6 9. Rb1 Be6 10. b3 Qd7 11. Re1 Bg4 12. Qc2 a6 13. Bb2 Bf5 14. d3 Rab8 15. Nd2
b5 16. Nce4 b4 17. a4 Rbd8 18. Nf1 Bh3 19. Bh1 h6 20. f4 f5 21. Nf2 Bxf1 22.
Rxf1 exf4 23. Bxg7 Kxg7 24. gxf4 Kh7 25. Bf3 Rfe8 26. Kh1 Ng8 27. Rbe1 Re7 28.
Nd1 Rde8 29. Qg2 Na5 30. Rg1 Rg7 31. Qb2 Nc6 32. Qf2 Nf6 33. h3 Na5 34. Qb2 Qe7
35. Rg3 Nb7 36. Reg1 Nd8 37. Qg2 Reg8 38. e4 fxe4 39. dxe4 Ne6 40. e5 dxe5 41.
fxe5 Nh5 42. Rg4 Nef4 43. Qh2 Qxe5 44. Bd5 Rf8 45. Rf1 Qb8 46. Qf2 Ne6 47. Qg2
Rxf1+ 48. Qxf1 Nef4 49. Be4 Qe5 50. Nf2 Nf6 51. Rh4 Nxe4 52. Ng4 Ng3+ 53. Kg1
Nfe2+ 54. Kg2 Qe4+ 55. Qf3 Nf4+ 56. Kxg3 Qe1+ 57. Kxf4 Rf7+ 58. Nf6+ Rxf6+ 59.
Kg4 Rxf3 60. Rxh6+ Kxh6 61. Kxf3 Qc3+ 62. Ke4 Qxh3 63. Kd5 Qe3 64. Kc6 Qxb3 65.
Kxc5 Qxa4 66. Kd6 b3 67. c5 b2 68. c6 b1=Q 69. Kd7 Qc1 0-1

[Event "Weekend Vitinia"]
[Site "Roma ITA"]
[Date "1997.11.??"]
[Round "7"]
[White "Campagna, Maurizio"]
[Black "Scagliarini, Bruno"]
[Result "1-0"]
[WhiteElo "1573"]
[BlackElo "1974"]
[PlyCount "55"]
[EventDate "1997.11.??"]

1. d4 e6 2. c4 Nf6 3. Nc3 Bb4 4. Qc2 c5 5. e3 Nc6 6. Nf3 d6 7. Be2 e5 8. d5 Ne7
9. Bd2 Bxc3 10. Bxc3 Bf5 11. Qa4+ Nd7 12. O-O O-O 13. Nh4 Bg6 14. Nxg6 Nxg6 15.
b4 b6 16. Bd2 cxb4 17. Bxb4 Nc5 18. Bxc5 bxc5 19. Qa6 f5 20. Rab1 Nh4 21. Rb7
Qg5 22. g3 f4 23. exf4 exf4 24. Qxd6 f3 25. Qe6+ Kh8 26. Bd3 Rae8 27. Qh3 Ng2
28. Qxh7# 1-0

[Event "Weekend Vitinia"]
[Site "Roma ITA"]
[Date "1997.11.??"]
[Round "7"]
[White "Capone, Gioacchino"]
[Black "Vanzan, Alessandro"]
[Result "0-1"]
[WhiteElo "1699"]
[BlackElo "1528"]
[PlyCount "72"]
[EventDate "1997.11.??"]

1. e4 d6 2. d4 Nf6 3. Nc3 g6 4. Be2 Bg7 5. Be3 O-O 6. g4 e5 7. d5 Nbd7 8. g5
Ne8 9. h4 Nc5 10. h5 f5 11. gxf6 Nxf6 12. Bxc5 dxc5 13. hxg6 hxg6 14. Bc4 Re8
15. Qe2 a6 16. a4 Qd6 17. f3 Bd7 18. Qg2 Kf7 19. Nh3 Bxh3 20. Rxh3 Nd7 21. a5
b5 22. axb6 Nxb6 23. Rxa6 Rxa6 24. Bxa6 Ra8 25. Bb5 Ra1+ 26. Ke2 c4 27. Rg3 Rc1
28. Qh3 Rxc2+ 29. Kd1 Rxb2 30. Qh7 Qf6 31. Bc6 Nc8 32. Bd7 Ne7 33. Nb5 Qf4 34.
Be6+ Kf8 35. Rg2 Qxf3+ 36. Kc1 Rxg2 0-1

[Event "Weekend Vitinia"]
[Site "Roma ITA"]
[Date "1997.11.??"]
[Round "7"]
[White "Casella, Carlo"]
[Black "Attanasi, Salvatore"]
[Result "1/2-1/2"]
[WhiteElo "1588"]
[BlackElo "1672"]
[PlyCount "120"]
[EventDate "1997.11.??"]

1. e4 e6 2. d4 d5 3. exd5 exd5 4. Nc3 c6 5. Nf3 Bg4 6. Be2 Bd6 7. h3 Bf5 8. O-O
Nf6 9. Bg5 O-O 10. Bd3 Bxd3 11. Qxd3 Nbd7 12. Rfe1 Qc7 13. Re2 Rfe8 14. Rae1
Rxe2 15. Rxe2 h6 16. Bd2 Re8 17. Rxe8+ Nxe8 18. Qf5 Nef6 19. a3 Qb8 20. g4 g6
21. Qd3 Bf4 22. Be3 Kg7 23. Qd2 Bxe3 24. Qxe3 Qe8 25. Qf4 Ne4 26. Qe3 Qe6 27.
Nxe4 Qxe4 28. Qxe4 dxe4 29. Nd2 f5 30. Kg2 Nf6 31. gxf5 gxf5 32. Nc4 Nd5 33. c3
Kf6 34. Na5 Nf4+ 35. Kg3 Nd3 36. Nxb7 Nxb2 37. Na5 c5 38. dxc5 Nd3 39. c6 Ke6
40. Nb3 f4+ 41. Kg2 Ne5 42. Nc5+ Kd6 43. c7 Kxc7 44. Ne6+ Kc6 45. Nxf4 Kc5 46.
Ne6+ Kc4 47. Nd4 a5 48. Ne2 Kd3 49. Ng3 Nc4 50. Nf5 Nxa3 51. Nxh6 Nc4 52. Nf7
a4 53. h4 a3 54. h5 a2 55. h6 a1=Q 56. h7 Qxc3 57. h8=Q Qxh8 58. Nxh8 Ne5 59.
Kg3 Ke2 60. Kf4 Kxf2 1/2-1/2

[Event "Weekend Vitinia"]
[Site "Roma ITA"]
[Date "1997.11.??"]
[Round "7"]
[White "Cenni, Franco"]
[Black "Palombi, Roberto"]
[Result "1/2-1/2"]
[WhiteElo "1663"]
[BlackElo "2055"]
[PlyCount "66"]
[EventDate "1997.11.??"]

1. c4 b6 2. Nf3 Bb7 3. g3 Bxf3 4. exf3 f5 5. f4 Nf6 6. Nc3 e6 7. Bg2 c6 8. O-O
Na6 9. a3 Nc7 10. Re1 Be7 11. b4 Rb8 12. Bb2 O-O 13. Qa4 a6 14. Rad1 b5 15. Qb3
d5 16. cxd5 cxd5 17. Ne2 Nd7 18. Nd4 Rb6 19. Rc1 Bf6 20. Qc2 Bxd4 21. Bxd4 Rb7
22. Qc3 Rf7 23. Qc6 Qa8 24. Qd6 Qf8 25. Qxf8+ Kxf8 26. Bc5+ Nxc5 27. Rxc5 Rb6
28. Rec1 Ne8 29. Rc6 Rfb7 30. Kf1 Ke7 31. Ke2 Kd7 32. Rxb6 Rxb6 33. Kd3 Nd6
1/2-1/2

[Event "Weekend Vitinia"]
[Site "Roma ITA"]
[Date "1997.11.??"]
[Round "7"]
[White "Corvi, Marco"]
[Black "Marzano, Carlo"]
[Result "1-0"]
[WhiteElo "2260"]
[BlackElo "2160"]
[PlyCount "53"]
[EventDate "1997.11.??"]

1. e4 g6 2. d4 c6 3. Nc3 d5 4. h3 Bg7 5. Nf3 Nh6 6. Bf4 f6 7. exd5 cxd5 8. Bxb8
Rxb8 9. Bb5+ Kf8 10. O-O Nf7 11. Ba4 e6 12. Re1 Nd6 13. Bb3 b5 14. a4 b4 15.
Nb5 a5 16. Qe2 Kf7 17. c4 bxc3 18. bxc3 Re8 19. g4 h6 20. Qd3 Ba6 21. Bc2 g5
22. Rab1 Qd7 23. Qh7 Rec8 24. Re3 Ne4 25. Ne5+ fxe5 26. Rf3+ Nf6 27. Bg6+ 1-0

[Event "Weekend Vitinia"]
[Site "Roma ITA"]
[Date "1997.11.??"]
[Round "7"]
[White "De Blasio, Alessandro"]
[Black "Rotondi, Paolo"]
[Result "0-1"]
[WhiteElo "1570"]
[BlackElo "1660"]
[PlyCount "82"]
[EventDate "1997.11.??"]

1. e4 c6 2. d4 d5 3. Nc3 dxe4 4. Nxe4 Nf6 5. Nxf6+ gxf6 6. Bc4 Bf5 7. Ne2 e6 8.
Bf4 Bd6 9. Qd2 Qc7 10. Bxd6 Qxd6 11. Ng3 Bg6 12. O-O-O Nd7 13. Rhe1 O-O-O 14.
h4 Nb6 15. Bd3 Qxd4 16. Qa5 Qf4+ 17. Kb1 Bxd3 18. cxd3 Qa4 19. Qh5 Rd7 20. Ne4
Nd5 21. Nc5 Qb5 22. Rc1 b6 23. Nxd7 Nc3+ 24. Rxc3 Qxh5 25. Nxf6 Qxh4 26. Ne4
Kd7 27. Rc4 Qh2 28. Rec1 Rc8 29. g3 f5 30. Rd4+ Ke7 31. Nd6 Rc7 32. Nb5 Rd7 33.
Rh4 Qxf2 34. Rxh7+ Kf6 35. Rxd7 cxb5 36. d4 Qxg3 37. d5 Qd3+ 38. Ka1 exd5 39.
Re1 f4 40. Rde7 f3 41. R7e3 f2 0-1

[Event "Weekend Vitinia"]
[Site "Roma ITA"]
[Date "1997.11.??"]
[Round "7"]
[White "De Carolis, Massimo"]
[Black "Piccioni, Marco"]
[Result "0-1"]
[WhiteElo "1702"]
[BlackElo "1651"]
[PlyCount "106"]
[EventDate "1997.11.??"]

1. d4 d5 2. Nf3 Nf6 3. g3 Bg4 4. Bg2 e6 5. O-O Be7 6. Nbd2 O-O 7. b3 c6 8. Bb2
Nbd7 9. c4 Re8 10. c5 b6 11. b4 a5 12. a3 Bf8 13. Qc2 Bf5 14. Qc3 h6 15. Nh4
Bh7 16. f4 b5 17. Nhf3 Qc7 18. Ne5 a4 19. Qe3 Re7 20. h3 g6 21. g4 h5 22. Bf3
Kh8 23. gxh5 gxh5 24. Kh2 Bh6 25. Rg1 Rg8 26. Raf1 Nf8 27. Rxg8+ Kxg8 28. Qg1+
Kh8 29. e3 Ng6 30. Be2 Re8 31. Ndf3 Nxf4 32. exf4 Bxf4+ 33. Kh1 Ne4 34. Ng5
Ng3+ 35. Kg2 Nxe2 36. Ngxf7+ Kg7 37. Qf2 Be4+ 38. Nf3 Qxf7 39. Qxe2 Qg6+ 40.
Kh1 Bd3 41. Qg2 Bxf1 42. Qxf1 Qg3 43. Qg2 Kf6 44. Qxg3 Bxg3 45. Kg2 Rg8 46. Kf1
Bf4 47. h4 Rg3 48. Kf2 Rg4 49. Bc3 Bg3+ 50. Ke3 Bxh4 51. Ne5 Rg3+ 52. Kd2 Bg5+
53. Kc2 h4 0-1

[Event "Weekend Vitinia"]
[Site "Roma ITA"]
[Date "1997.11.??"]
[Round "7"]
[White "Di Lascio, Savino"]
[Black "Ricca, Roberto"]
[Result "0-1"]
[WhiteElo "1708"]
[BlackElo "2145"]
[PlyCount "64"]
[EventDate "1997.11.??"]

1. Nf3 d6 2. g3 f5 3. Bg2 Nf6 4. O-O g6 5. d3 Bg7 6. e4 fxe4 7. Ng5 exd3 8.
cxd3 h6 9. Ne4 c6 10. Nxf6+ Bxf6 11. Be4 Kf7 12. Nc3 d5 13. Bg2 Kg7 14. d4 Re8
15. f4 Qb6 16. Be3 Qxb2 17. Ne2 Bf5 18. h3 h5 19. Bf3 Bxh3 20. Rf2 Bf5 21. g4
hxg4 22. Ng3 Qa3 23. Bxg4 Qxe3 24. Bxf5 Bxd4 25. Nh1 Qxf4 26. Bxg6 Rf8 27. Qh5
Bxf2+ 28. Kg2 Rh8 29. Nxf2 Rxh5 30. Bxh5 Nd7 31. Rg1 Rg8 32. Nh3 Kf6+ 0-1

[Event "Weekend Vitinia"]
[Site "Roma ITA"]
[Date "1997.11.??"]
[Round "7"]
[White "Galeno, Giorgio"]
[Black "Siraco, Maurizio"]
[Result "0-1"]
[WhiteElo "1764"]
[BlackElo "1911"]
[PlyCount "56"]
[EventDate "1997.11.??"]

1. d4 d5 2. c4 e6 3. cxd5 exd5 4. Nc3 c6 5. Nf3 Nf6 6. Bf4 h6 7. h3 Bd6 8. Bxd6
Qxd6 9. e3 Bf5 10. Bd3 Bxd3 11. Qxd3 O-O 12. O-O Re8 13. Ne5 Nbd7 14. f4 Nf8
15. Rf3 Rad8 16. g4 Ne4 17. Raf1 f6 18. Nxe4 dxe4 19. Qxe4 fxe5 20. fxe5 Qd5
21. Qf5 c5 22. g5 hxg5 23. Qxg5 cxd4 24. Rf5 dxe3 25. Qxe3 Qd4 26. Qxd4 Rxd4
27. Rf7 Rd7 28. e6 Rde7 0-1

[Event "Weekend Vitinia"]
[Site "Roma ITA"]
[Date "1997.11.??"]
[Round "7"]
[White "Iacoacci, Giancarlo"]
[Black "Del Castello, Lucio"]
[Result "1/2-1/2"]
[WhiteElo "1600"]
[BlackElo "1552"]
[PlyCount "40"]
[EventDate "1997.11.??"]

1. d4 Nf6 2. Nf3 g6 3. Bg5 Ne4 4. Nbd2 Nxg5 5. Nxg5 Bg7 6. e3 d5 7. Ngf3 O-O 8.
Bd3 c5 9. c3 cxd4 10. exd4 Nc6 11. O-O Bg4 12. h3 Bxf3 13. Nxf3 e5 14. dxe5
Nxe5 15. Nd4 Qb6 16. Rb1 a6 17. Re1 Rfe8 18. Bf1 Rad8 19. Qa4 Kf8 20. Qa3+ Kg8
1/2-1/2

[Event "Weekend Vitinia"]
[Site "Roma ITA"]
[Date "1997.11.??"]
[Round "7"]
[White "Lavieri, Doriano"]
[Black "De Francesco, Massimo"]
[Result "1-0"]
[WhiteElo "1855"]
[BlackElo "1740"]
[PlyCount "65"]
[EventDate "1997.11.??"]

1. d4 Nf6 2. c4 e6 3. Nf3 b6 4. a3 Bb7 5. Nc3 d5 6. cxd5 exd5 7. Bg5 Be7 8. e3
O-O 9. Bd3 c5 10. O-O c4 11. Bf5 g6 12. Bh3 Nh5 13. Bxe7 Qxe7 14. Re1 Nd7 15.
Nd2 Ndf6 16. b3 cxb3 17. Qxb3 Ne4 18. Ndxe4 dxe4 19. Rac1 Bc8 20. Bxc8 Rfxc8
21. Rc2 Nf6 22. Rec1 Qe6 23. Qxe6 fxe6 24. Nxe4 Rxc2 25. Nxf6+ Kf7 26. Rxc2
Kxf6 27. Rc7 h5 28. g3 b5 29. Rb7 a6 30. Rb6 Kf7 31. Kg2 Ra7 32. Kf3 Ke7 33.
Ke4 1-0

[Event "Weekend Vitinia"]
[Site "Roma ITA"]
[Date "1997.11.??"]
[Round "7"]
[White "Ludovici, Roberto"]
[Black "Vannelli, Vittorio"]
[Result "0-1"]
[WhiteElo "1728"]
[BlackElo "1636"]
[PlyCount "72"]
[EventDate "1997.11.??"]

1. e4 c5 2. Nf3 d6 3. d4 cxd4 4. Qxd4 a6 5. Qe3 Nc6 6. Bc4 Nf6 7. O-O Bg4 8.
Nd4 Qb6 9. Nxc6 Qxc6 10. Bd3 Be6 11. b3 Ng4 12. Qf4 g5 13. Qd2 Bg7 14. c3 Be5
15. h3 Nh2 16. Rd1 Bxh3 17. Bb2 Bg4 18. Re1 Bf4 19. Qc2 Be6 20. Nd2 Ng4 21. Nf3
Ne5 22. Nd4 Qd7 23. g3 Nxd3 24. Qxd3 Be5 25. Nf3 f6 26. Rad1 h5 27. Nxe5 fxe5
28. Re3 h4 29. c4 O-O-O 30. Qc3 Qc6 31. c5 hxg3 32. fxg3 Bg4 33. Rd2 d5 34.
Qxe5 Qh6 35. Rg2 Qh1+ 36. Kf2 Rhf8+ 0-1

[Event "Weekend Vitinia"]
[Site "Roma ITA"]
[Date "1997.11.??"]
[Round "7"]
[White "Luzi, Alessandro"]
[Black "Marta, Daniele"]
[Result "0-1"]
[WhiteElo "1540"]
[BlackElo "1816"]
[PlyCount "104"]
[EventDate "1997.11.??"]

1. e4 e6 2. d4 d5 3. Nc3 Bb4 4. e5 c5 5. a3 Bxc3+ 6. bxc3 Ne7 7. Qg4 Kf8 8. Nf3
Qa5 9. Bd2 Qa4 10. Ra2 Nbc6 11. Bd3 b6 12. O-O Ba6 13. Bxa6 Qxa6 14. Nh4 Qc4
15. Raa1 cxd4 16. cxd4 Qxd4 17. Qxd4 Nxd4 18. c3 Nb3 19. Ra2 Rc8 20. Be1 Ke8
21. f4 g6 22. Nf3 Nf5 23. Rb2 Nc5 24. Nd4 Nd3 25. Rb3 Nc1 26. Rb2 Nd3 27. Rb3
Nxd4 28. cxd4 Nxe1 29. Rxe1 Kd7 30. Kf2 Rc2+ 31. Re2 Rhc8 32. Rd3 R8c3 33. Rxc3
Rxc3 34. Re3 Rc4 35. Rd3 Rc2+ 36. Kf3 Kc6 37. h4 Kb5 38. g3 Kc4 39. Rd1 Rc3+
40. Kg4 Rxa3 41. Kg5 Rxg3+ 42. Kf6 Rf3 43. Kxf7 Rxf4+ 44. Kxe6 Rxh4 45. Kd7 Re4
46. e6 a5 47. e7 a4 48. e8=Q Rxe8 49. Kxe8 b5 50. Ke7 b4 51. Kd6 b3 52. Ke5 b2
0-1

[Event "Weekend Vitinia"]
[Site "Roma ITA"]
[Date "1997.11.??"]
[Round "7"]
[White "Matano, Arturo"]
[Black "Galdelli, Fabiano"]
[Result "1/2-1/2"]
[WhiteElo "1705"]
[BlackElo "1738"]
[PlyCount "106"]
[EventDate "1997.11.??"]

1. d4 Nf6 2. Nf3 e6 3. c4 d5 4. Nc3 Nc6 5. Bg5 Bb4 6. e3 O-O 7. a3 Bxc3+ 8.
bxc3 b6 9. cxd5 exd5 10. Be2 Qd6 11. Bf4 Qe7 12. O-O Ne4 13. Qc2 Nd8 14. c4
dxc4 15. Qxc4 Ne6 16. Bg3 Nxg3 17. hxg3 Bb7 18. Rfc1 Rfd8 19. Ne5 c5 20. Bf3
Bxf3 21. Nxf3 cxd4 22. exd4 Qd7 23. Rd1 Rac8 24. Qb3 Qd5 25. Qa4 Rc7 26. Rac1
b5 27. Qa5 Rxc1 28. Rxc1 Qb7 29. Rc5 a6 30. Ng5 Rf8 31. Nxe6 fxe6 32. Qe1 Qf7
33. Re5 Qd7 34. Rxe6 Qxd4 35. Rxa6 h6 36. Re6 Qb2 37. Re3 Kh7 38. g4 Rc8 39.
Rd3 Rc1 40. Rd1 Rxd1 41. Qxd1 Qxa3 42. Qb1+ Kg8 43. Qxb5 Qc1+ 44. Qf1 Qf4 45.
Qd1 Kh7 46. Qf3 Qc1+ 47. Kh2 Qc7+ 48. g3 g6 49. Qe4 Kg7 50. Kg2 Kh7 51. f4 Qd7
52. Kf3 Qd1+ 53. Qe2 Qh1+ 1/2-1/2

[Event "Weekend Vitinia"]
[Site "Roma ITA"]
[Date "1997.11.??"]
[Round "7"]
[White "Mazziotto, Nicola"]
[Black "Bruno, Fabio"]
[Result "0-1"]
[WhiteElo "1570"]
[BlackElo "2260"]
[PlyCount "36"]
[EventDate "1997.11.??"]

1. e4 c5 2. c3 d5 3. exd5 Qxd5 4. d4 Nf6 5. Nf3 e6 6. Na3 cxd4 7. Nb5 Na6 8.
Be2 dxc3 9. Qc2 cxb2 10. Bxb2 Bb4+ 11. Kf1 O-O 12. Rd1 Qc5 13. Qd3 Bd7 14. Nxa7
Ba4 15. Bd4 Qe7 16. Rb1 Rfd8 17. Ng5 e5 18. Qc4 Rxd4 0-1

[Event "Weekend Vitinia"]
[Site "Roma ITA"]
[Date "1997.11.??"]
[Round "7"]
[White "Passerotti, Pierluigi"]
[Black "Ferri, Stefano"]
[Result "1-0"]
[WhiteElo "2310"]
[BlackElo "1901"]
[PlyCount "97"]
[EventDate "1997.11.??"]

1. d4 Nf6 2. Nf3 g6 3. c4 Bg7 4. Nc3 O-O 5. e4 d6 6. Be2 e5 7. O-O Nc6 8. d5
Ne7 9. b4 Nd7 10. Bd2 h6 11. Ne1 f5 12. f3 f4 13. Nd3 h5 14. c5 g5 15. Rc1 Nf6
16. Nf2 Rf7 17. cxd6 cxd6 18. Nb5 Ng6 19. Qc2 Nf8 20. h3 Bh6 21. a4 Rg7 22.
Nxa7 Bd7 23. Nb5 g4 24. hxg4 hxg4 25. fxg4 Nxg4 26. Bxg4 Bxg4 27. Nxg4 Rxg4 28.
Rf2 Bg5 29. Qd1 Rg3 30. Nc7 Rc8 31. Ne6 Nxe6 32. dxe6 Ra8 33. Qh5 Qe8 34. Qxe8+
Rxe8 35. Rc7 b6 36. Rf3 Rxf3 37. gxf3 Rxe6 38. Be1 Rg6 39. Kf1 Kf8 40. Bf2 Ke8
41. Bxb6 Bh4 42. Rh7 Be7 43. a5 Rg3 44. Ke2 Rg2+ 45. Bf2 d5 46. Kf1 Rg6 47. b5
d4 48. b6 Rg8 49. a6 1-0

[Event "Weekend Vitinia"]
[Site "Roma ITA"]
[Date "1997.11.??"]
[Round "7"]
[White "Perotti, Germano"]
[Black "De Carolis, Maurizio"]
[Result "1-0"]
[WhiteElo "1630"]
[BlackElo "1702"]
[PlyCount "77"]
[EventDate "1997.11.??"]

1. d4 e6 2. c4 f5 3. Nf3 Nf6 4. g3 Be7 5. Bg2 O-O 6. O-O c6 7. b3 d6 8. Nc3 Bd7
9. Bb2 h6 10. Nd2 Be8 11. Qc2 Bg6 12. Rae1 d5 13. f3 Bf7 14. e4 dxe4 15. fxe4
Qxd4+ 16. Kh1 Ng4 17. Nf3 Qc5 18. Bc1 Bg6 19. Na4 Qd6 20. e5 Qc7 21. h3 Bh7 22.
Qe2 c5 23. hxg4 fxg4 24. Nh4 Nc6 25. Qxg4 Bxh4 26. Qxe6+ Kh8 27. gxh4 Rad8 28.
Rxf8+ Rxf8 29. Qd6 Qf7 30. Rf1 Qxf1+ 31. Bxf1 Rxf1+ 32. Kh2 Rxc1 33. Qf8+ Bg8
34. e6 Re1 35. Nxc5 Kh7 36. Qf2 Re5 37. a3 b6 38. Nd7 Rxe6 39. Nf8+ 1-0

[Event "Weekend Vitinia"]
[Site "Roma ITA"]
[Date "1997.11.??"]
[Round "7"]
[White "Pezzaldi, Roberto"]
[Black "Moroni, Marco"]
[Result "1-0"]
[WhiteElo "2095"]
[BlackElo "1806"]
[PlyCount "51"]
[EventDate "1997.11.??"]

1. c4 Nf6 2. Nf3 c5 3. g3 d5 4. cxd5 Nxd5 5. Bg2 Nc7 6. O-O Nc6 7. d3 e5 8.
Nbd2 Be7 9. b3 O-O 10. Bb2 f6 11. Rc1 Bd7 12. Ne4 b6 13. Nc3 Rb8 14. e3 Bg4 15.
h3 Bh5 16. g4 Bg6 17. Nh4 Be8 18. Nf5 Bd7 19. Nxe7+ Nxe7 20. d4 exd4 21. exd4
cxd4 22. Qxd4 Ne6 23. Qd6 Nc5 24. Ba3 Bc6 25. Bxc5 bxc5 26. Qe6+ 1-0

[Event "Weekend Vitinia"]
[Site "Roma ITA"]
[Date "1997.11.??"]
[Round "7"]
[White "Quimi, Marco"]
[Black "Montecchi, Ugo"]
[Result "1-0"]
[WhiteElo "2240"]
[BlackElo "1833"]
[PlyCount "65"]
[EventDate "1997.11.??"]

1. e4 c5 2. Nf3 d6 3. d4 cxd4 4. Nxd4 Nf6 5. Nc3 g6 6. Be3 Bg7 7. Qd2 O-O 8. f3
Nc6 9. Bc4 Bd7 10. O-O-O Rc8 11. Bb3 Ne5 12. h4 Nc4 13. Bxc4 Rxc4 14. h5 Qc7
15. g4 b5 16. Kb1 b4 17. Nd5 Nxd5 18. exd5 Rc8 19. hxg6 fxg6 20. Qh2 h5 21. Qf4
Rxc2 22. Qe4 Rxb2+ 23. Kxb2 Qc3+ 24. Kb1 b3 25. axb3 Rb8 26. Qc2 Qxe3 27. Rhe1
Qg5 28. Qc7 Rb4 29. Qxd7 e5 30. Ne6 Qf6 31. Re3 Bh6 32. Rc1 Rb8 33. Rc7 1-0

[Event "Weekend Vitinia"]
[Site "Roma ITA"]
[Date "1997.11.??"]
[Round "7"]
[White "Scacco, Mauro"]
[Black "Viscardi, Riccardo"]
[Result "1/2-1/2"]
[WhiteElo "2045"]
[BlackElo "1600"]
[PlyCount "59"]
[EventDate "1997.11.??"]

1. Nh3 Nf6 2. g3 d5 3. Bg2 c6 4. d3 g6 5. Bg5 Bg7 6. Nd2 O-O 7. O-O h6 8. Bxf6
Bxf6 9. c4 dxc4 10. Nxc4 Be6 11. Qc2 Nd7 12. Nf4 Bxc4 13. Qxc4 Kh7 14. d4 e5
15. dxe5 Nxe5 16. Qc2 Qe7 17. h4 Kg8 18. b4 Ng4 19. Rab1 Bd4 20. e3 Bf6 21. b5
Ne5 22. bxc6 bxc6 23. h5 g5 24. Ne2 Rab8 25. Nd4 Qd7 26. Qf5 Qxf5 27. Nxf5 Kh7
28. Rb7 c5 29. Be4 Kh8 30. Nxh6 1/2-1/2

[Event "Weekend Vitinia"]
[Site "Roma ITA"]
[Date "1997.11.??"]
[Round "7"]
[White "Scagliarini, Valentina"]
[Black "Mastroddi, Emiliano"]
[Result "1-0"]
[WhiteElo "1642"]
[BlackElo "1753"]
[PlyCount "61"]
[EventDate "1997.11.??"]

1. e4 c5 2. Nf3 d6 3. d4 cxd4 4. Nxd4 Nf6 5. Nc3 g6 6. Be3 Bg7 7. f3 O-O 8. g4
Nc6 9. Qd2 Nxd4 10. Bxd4 Be6 11. O-O-O Qa5 12. Kb1 Rfc8 13. b3 Rc6 14. Bd3 Rac8
15. Nb5 Qxd2 16. Rxd2 d5 17. g5 Nh5 18. Bxg7 Kxg7 19. Nxa7 dxe4 20. Bxe4 Rc5
21. Nxc8 Bxc8 22. Rd5 Rc7 23. Rhd1 Nf4 24. Rd8 Nh3 25. R1d5 Nf4 26. Rb5 Ne6 27.
Rxc8 Rxc8 28. Rxb7 Kf8 29. h4 Nd8 30. Ra7 Ke8 31. a4 1-0

[Event "Weekend Vitinia"]
[Site "Roma ITA"]
[Date "1997.11.??"]
[Round "7"]
[White "Simeoni, Matteo"]
[Black "Spano' Cuomo, Gaetano"]
[Result "0-1"]
[WhiteElo "1830"]
[BlackElo "1641"]
[PlyCount "78"]
[EventDate "1997.11.??"]

1. e4 e5 2. Nf3 Nc6 3. d4 exd4 4. Nxd4 d6 5. Nc3 Nf6 6. Be2 Be7 7. O-O Nxd4 8.
Qxd4 O-O 9. f4 b6 10. Kh1 Bb7 11. Bf3 a6 12. Qf2 Nd7 13. Be3 Bh4 14. g3 Bf6 15.
Rad1 Bxc3 16. bxc3 Qe7 17. e5 Bxf3+ 18. Qxf3 dxe5 19. fxe5 Nxe5 20. Qe4 Rad8
21. Bf4 f6 22. Rde1 b5 23. Qb7 Qc5 24. Rd1 Rfe8 25. Qxa6 Rxd1 26. Rxd1 Qf2 27.
Qb7 Ng4 28. Qg2 Re1+ 29. Rxe1 Qxe1+ 30. Qg1 Qxc3 31. h3 Qf3+ 32. Qg2 Qd1+ 33.
Qg1 Nf2+ 34. Kg2 Qxg1+ 35. Kxg1 Nxh3+ 36. Kg2 Nxf4+ 37. gxf4 g5 38. Kg3 h5 39.
f5 Kf7 0-1

[Event "Weekend Vitinia"]
[Site "Roma ITA"]
[Date "1997.11.??"]
[Round "7"]
[White "Steinfl, Alessandro"]
[Black "Barro, Carlo"]
[Result "1-0"]
[WhiteElo "2270"]
[BlackElo "1747"]
[PlyCount "125"]
[EventDate "1997.11.??"]

1. d4 g6 2. Nf3 d6 3. c3 Bg7 4. e4 Nf6 5. Bd3 Bg4 6. Nbd2 O-O 7. O-O e5 8. dxe5
dxe5 9. Bc4 Qe7 10. h3 Bd7 11. Re1 b5 12. Bf1 Rd8 13. Qc2 a5 14. a4 c6 15. Nb3
Be6 16. axb5 a4 17. Nbd2 Bb3 18. Qb1 Nbd7 19. Nxb3 axb3 20. Rxa8 Rxa8 21. bxc6
Nc5 22. Bc4 Qd6 23. Bg5 Ne8 24. Rd1 Qc7 25. Be3 Nd6 26. Bxf7+ Nxf7 27. Bxc5
Qxc6 28. Ba3 Bh6 29. Rd5 Bf4 30. Qd3 Rxa3 31. bxa3 b2 32. Rb5 Bc1 33. Nxe5 Qd6
34. Qxd6 Nxd6 35. Rb8+ Kg7 36. Nd3 Nc4 37. a4 Kf6 38. a5 Nxa5 39. Nxb2 Bd2 40.
e5+ Kf5 41. g4+ Ke6 42. Rb6+ Ke7 43. c4 Bc3 44. Nd3 Bd4 45. Rb5 Nxc4 46. Rb4
Nd2 47. Kg2 Bc3 48. Rb7+ Ke6 49. Rxh7 Bxe5 50. Rh6 Bf6 51. Rxg6 Kf7 52. Rh6 Ne4
53. f4 Kg7 54. g5 Bd4 55. Kf3 Nd2+ 56. Kg4 Nf1 57. f5 Ne3+ 58. Kf4 Nc4 59. Rc6
Nb6 60. Rc7+ Kg8 61. Ke4 Bg7 62. f6 Bf8 63. Ne5 1-0